| 000 | 01010cam a2200253 4500 | ||
|---|---|---|---|
| 001 | ABS66412 | ||
| 008 | 030224n2003 000 0 eng u | ||
| 035 | _a(Sirsi) u121413 | ||
| 100 | _aClark, T. | ||
| 245 | _aRoot cause | ||
| 260 | _c2003 | ||
| 490 |
_aLetting Update Journal _v10(4) January 2003, 18-20(3) |
||
| 520 | _aLooks at how trees can cause disputes and damage property. Examines tree law, nuisances caused by branches and roots, subsidence caused by trees, rights of light matters and tree removal and preservation order issues. Includes recommended tree planting distances and a table of approximate safe distances of trees from buildings. Case law, further information and tables. | ||
| 590 | _aABS | ||
| 650 | _aTREES | ||
| 650 | _aTREE ROOTS | ||
| 650 | _aNEIGHBOUR DISPUTES | ||
| 650 | _aTREE PRESERVATION ORDERS (TPOs) | ||
| 650 |
_aRights of light _96267 |
||
| 650 | _aTREE FELLING | ||
| 650 | _aSUBSIDENCE | ||
| 690 | _aBUILT ENVIRONMENT-BUILDING INSPECTION | ||
| 942 | _n0 | ||
| 999 |
_c72144 _d72144 |
||